00881 2200313 4500001002100000005001500021035002000036007000300056040001700059100003200076245007000108250001000178300004100188020002200229041000800251082000800259084001400267090002300281264003900304336002100343337003000364338002300394650002700417850001000444008004100454504002800495990002200523990002200545INLIS00000000000943120260420102513 a0010-1222000036ta aSBPUPADbind0 aRosdiana Natzir:ePengarang1 aRacun Lebah Madu Aspek Biokimia Dan Terapeutik /cRosdiana Natzir aCet.1 axiv 92 hlm. :bilus. ;c14,5 x 21 cm a978-979-15038-7-70 aind a638 a638 ROS r a639 RON b L 19 R 9 aMakasar :bPustaka Al-Zikra,c2012 2rdacontentateks 2rdamediaatanpa perantara 2rdacarrieravolume 4aTeknologi Keterampilan aPUPAD260420 0  abibiliografi, hlm 87-90 a29.455/B/DPK/2018 a29.456/B/DPK/2018